Catálogo - Centro de Recursos para el Aprendizaje y la Investigación

Volver al Sitio - CRAI Biblioteca

Creatividad : (Registro nro. 113713)

Detalles MARC
000 -CABECERA
campo de control de longitud fija 00899nam a2200265Ia 4500
001 - NÚMERO DE CONTROL
campo de control 113713
003 - IDENTIFICADOR DEL NÚMERO DE CONTROL
campo de control DR-UNIBE
005 - FECHA Y HORA DE LA ÚLTIMA TRANSACCIÓN
campo de control 20250530093922.0
008 - DATOS DE LONGITUD FIJA--INFORMACIÓN GENERAL
campo de control de longitud fija 250530b2023 sp ||||| |||| 00| 0 spa d
020 ## - NÚMERO INTERNACIONAL ESTÁNDAR DEL LIBRO
Número Internacional Estándar del Libro 9788425234170
040 ## - FUENTE DE LA CATALOGACIÓN
Centro catalogador/agencia de origen BIBLIOTECA UNIBE
Centro/agencia transcriptor BIBLIOTECA UNIBE
Normas de descripción rda
041 ## - CÓDIGO DE LENGUA
Código de lengua del texto/banda sonora o título independiente spa
082 ## - NÚMERO DE LA CLASIFICACIÓN DECIMAL DEWEY
Número de clasificación 153.35 C624c
100 1# - ENTRADA PRINCIPAL--NOMBRE DE PERSONA
Nombre de persona Cleese, John
Término indicativo de función/relación autor
9 (RLIN) 195850
245 10 - MENCIÓN DE TÍTULO
Título Creatividad :
Resto del título una guía breve y divertidad /
Mención de responsabilidad, etc. John Cleese
260 4# - PUBLICACIÓN, DISTRIBUCIÓN, ETC.
Lugar de publicación, distribución, etc. Barcelona :
Nombre del editor, distribuidor, etc. Gustavo Gili Editorial,
Fecha de publicación, distribución, etc. 2023
300 4# - DESCRIPCIÓN FÍSICA
Extensión 72 páginas
490 ## - MENCIÓN DE SERIE
Mención de serie Colección salud mental
500 ## - NOTA GENERAL
Nota general La biblioteca dispone de la versión electrónica
505 ## - NOTA DE CONTENIDO CON FORMATO
Nota de contenido con formato Introducción |<br/>La actitud creativa |<br/>Cerebro de liebre, mente de tortuga |<br/>¿Qué puedo hacer? |<br/>
650 #7 - PUNTO DE ACCESO ADICIONAL DE MATERIA--TÉRMINO DE MATERIA
Término de materia o nombre geográfico como elemento de entrada Creatividad
Fuente del encabezamiento o término lemb
9 (RLIN) 23993
951 ## - EQUIVALENCIA O REFERENCIA-CRUZADA--NOMBRE GEOGRÁFICO/NOMBRE DE ÁREA [OBSOLETO] [solamente CAN/MARC]
Nombre geográfico 20061022 10:18:00
700 1# - PUNTO DE ACCESO ADICIONAL--NOMBRE DE PERSONA
Nombre de persona Pereira, Noelia
Término indicativo de función/relación traductor
9 (RLIN) 195851
942 ## - ELEMENTOS DE PUNTO DE ACCESO ADICIONAL (KOHA)
Tipo de ítem Koha Libro (general)
Fuente del sistema de clasificación o colocación Sistema de Clasificación Decimal Dewey
Existencias
Estado de retiro Estado de pérdida Fuente del sistema de clasificación o colocación No para préstamo Código de colección Localización permanente Ubicación/localización actual Ubicación en estantería Fecha de adquisición Total de préstamos Signatura topográfica completa Código de barras Fecha visto por última vez Número de copia Precio válido a partir de Tipo de ítem Koha
  Disponible Sistema de Clasificación Decimal Dewey   Reserva Biblioteca Central UNIBE Biblioteca Central UNIBE Área de exhibición 30/05/2025   153.35 C624c 250664 30/05/2025 Ej. 1 30/05/2025 Libro (reserva)